Argentina Rugby - 60 or more International Appearances - Statistics

General Stats
  • This quiz has been taken 78 times
    29 since last reset
  • The average score is 8 of 21
Answer Stats
Caps Years Active Player % Correct
87 1998-2013 Felipe Contepomi
91%
70 2003-2017 Juan Martin Hernandez
86%
89 2005-2019 Agustin Creevy
82%
71 1995-2007 Agustin Pichot
77%
80 2010-2019 Nicolas Sanchez
73%
84 1996-2011 Mario Ledesma
64%
66 2013-2019 Pablo Matera
59%
65 1996-2008 Ignacio Fernandez Lobbe
50%
87 2005-2019 Juan Manuel Leguizamon
50%
71 2004-2015 Juan Martin Fernandez Lobbe
50%
75 2010-2019 Tomas Cubelli
36%
84 2008-2018 Martin Landajo
27%
63 2005-2015 Horacio Agulla
23%
66 2004-2015 Marcos Ayerza
23%
86 1994-2003 Rolando Martin
23%
86 1990-2005 Lisandro Arbizu
18%
63 1983-1995 Diego Cuesta Silva
5%
73 1990-2004 Federico Mendez
5%
65 1995-2007 Omar Hasan
5%
60 1997-2008 Martin Durand
0%
78 1990-2003 Pedro Sporleder
0%
No matching quizzes found
Score Distribution
Percent of People with Each Score
Percentile by Number Answered
Your Score History
You have not taken this quiz since the last reset